书目信息 |
| 题名: |
钢结构工程施工组织设计编写指南
|
|
| 作者: | ;中国建筑金属结构协会钢结构专家委员会 组织编写 | |
| 分册: | ||
| 出版信息: | 北京 中国建筑工业出版社 2020.12 |
|
| 页数: | 10, 191页 | |
| 开本: | 26cm | |
| 丛书名: | ||
| 单 册: | ||
| 中图分类: | TU758.11-62 | |
| 科图分类: | ||
| 主题词: | 钢结构--gang jie gou--工程施工--指南 | |
| 电子资源: | ||
| ISBN: | 978-7-112-25646-4 | |
| 000 | 01198nam0 2200241 450 | |
| 001 | 202021191833 | |
| 005 | 20211025120130.0 | |
| 010 | @a978-7-112-25646-4@dCNY49.00 | |
| 100 | @a20210919d2020 em y0chiy50 ea | |
| 101 | 0 | @achi |
| 102 | @aCN@b110000 | |
| 105 | @aa z 000yy | |
| 106 | @ar | |
| 200 | 1 | @a钢结构工程施工组织设计编写指南@Agang jie gou gong cheng shi gong zu zhi she ji bian xie zhi nan@d= Compilation guide for construction organization design of steel structure engineering@f中国建筑金属结构协会钢结构专家委员会组织编写@zeng |
| 210 | @a北京@c中国建筑工业出版社@d2020.12 | |
| 215 | @a10, 191页@c图@d26cm | |
| 330 | @a本书系统地介绍了钢结构工程施工组织设计文件编写的原则、方法、框架、内容、顺序、格式及不同内容的详细要求, 并给出了三个实际钢结构工程施工组织设计文件的示例。 | |
| 510 | 1 | @aCompilation guide for construction organization design of steel structure engineering@zeng |
| 606 | 0 | @a钢结构@Agang jie gou@x工程施工@j指南 |
| 690 | @aTU758.11-62@v5 | |
| 711 | 02 | @a中国建筑金属结构协会钢结构专家委员会@Azhong guo jian zhu jin shu jie gou xie hui gang jie gou zhuan jia wei yuan hui@4组织编写 |
| 801 | 0 | @aCN@c20210909 |
| 905 | @a河南城建学院图书馆@dTU758.11-62@eZ567 | |
| 钢结构工程施工组织设计编写指南= Compilation guide for construction organization design of steel structure engineering/中国建筑金属结构协会钢结构专家委员会组织编写.-北京:中国建筑工业出版社,2020.12 |
| 10, 191页:图;26cm |
| ISBN 978-7-112-25646-4:CNY49.00 |
| 本书系统地介绍了钢结构工程施工组织设计文件编写的原则、方法、框架、内容、顺序、格式及不同内容的详细要求, 并给出了三个实际钢结构工程施工组织设计文件的示例。 |
| ● |
| 相关链接 |
|
|
|
正题名:钢结构工程施工组织设计编写指南
索取号:TU758.11-62/Z567
 
预约/预借
| 序号 | 登录号 | 条形码 | 馆藏地/架位号 | 状态 | 备注 |
| 1 | 1540713 | 215407138 | 建筑库201/201建筑库 74排1列5层/ [索取号:TU758.11-62/Z567] | 在馆 | |
| 2 | 1540714 | 215407147 | 建筑库201/201建筑库 74排1列5层/ [索取号:TU758.11-62/Z567] | 在馆 |